| 000 | 00626nam a2200289Ia 4500 | ||
|---|---|---|---|
| 005 | 20260401122341.0 | ||
| 008 | 008 250103s9999 xx 000 0 eng d | ||
| 037 | _aTB | ||
| 040 | _aEDL | ||
| 040 | _beng | ||
| 040 | _cEDL | ||
| 041 | _2eng | ||
| 041 | _aeng | ||
| 084 | _a822 CAL | ||
| 084 | _qEDL | ||
| 100 |
_aCalderon, George _91233327 |
||
| 245 | 0 | _aThree Plays and A Pantomime | |
| 245 | 0 | _cCalderon, George | |
| 260 | _aLondon | ||
| 260 | _bGrant Richards Ltd. | ||
| 260 | _c1922 | ||
| 300 | _a352p | ||
| 942 | _cTB | ||
| 942 | _h822 CAL | ||
| 999 |
_c1846713 _d1846713 |
||